000 00692nam a2200193 i 4500
001 93388
003 ES-MaACL
005 20230906181207.0
007 t|
008 050524q18701879fr ||||1| fre d
100 1 _aMarcou, Jules.
_976547
245 1 4 _a[Le canal interocèanique et le Congrès International de Paris /
_cJules Marcou].
260 _a[S.l. :
_bs.n.,
_c187-?]
300 _ap. [413]-436 ;
_c23 cm.
500 _aEntrega 2ª de la: Bibliothèque Universelle et Revue Suisse, livraison de septembre.
594 _aAutor y título tomados del principio y final del texto.
651 4 _aCanal de Panamá.
_97941
852 _aES-MaACL
_jT-907-F-3
_z.- Legado Botella y de Hornos
999 _c93388
_d93388